<?xml version="1.0" encoding="UTF-8"?>
<record
    xmlns:xsi="http://www.w3.org/2001/XMLSchema-instance"
    xsi:schemaLocation="http://www.loc.gov/MARC21/slim http://www.loc.gov/standards/marcxml/schema/MARC21slim.xsd"
    xmlns="http://www.loc.gov/MARC21/slim">

  <leader>01588nam0a2200337   4500</leader>
  <controlfield tag="001">RU\NLR\bibl\437675</controlfield>
  <controlfield tag="005">20260407090844.0</controlfield>
  <datafield tag="010" ind1=" " ind2=" ">
    <subfield code="a">5-85152-318-2</subfield>
    <subfield code="9">1000</subfield>
  </datafield>
  <datafield tag="021" ind1=" " ind2=" ">
    <subfield code="a">RU</subfield>
    <subfield code="b">2003-40941</subfield>
    <subfield code="9">1946</subfield>
  </datafield>
  <datafield tag="035" ind1=" " ind2=" ">
    <subfield code="a">(NLR Aleph) 000431453</subfield>
  </datafield>
  <datafield tag="090" ind1=" " ind2=" ">
    <subfield code="a">756963</subfield>
    <subfield code="c">756963</subfield>
  </datafield>
  <datafield tag="100" ind1=" " ind2=" ">
    <subfield code="a">20030919d2003    |||y0rusy50      ca</subfield>
  </datafield>
  <datafield tag="101" ind1="0" ind2=" ">
    <subfield code="a">rus</subfield>
  </datafield>
  <datafield tag="102" ind1=" " ind2=" ">
    <subfield code="a">RU</subfield>
  </datafield>
  <datafield tag="105" ind1=" " ind2=" ">
    <subfield code="a">a   |||||||||</subfield>
  </datafield>
  <datafield tag="200" ind1="1" ind2=" ">
    <subfield code="a">&#x41D;&#x435;&#x43A;&#x43E;&#x43C;&#x43C;&#x435;&#x440;&#x447;&#x435;&#x441;&#x43A;&#x438;&#x435; &#x43E;&#x440;&#x433;&#x430;&#x43D;&#x438;&#x437;&#x430;&#x446;&#x438;&#x438;&#x438; &#x43F;&#x440;&#x435;&#x434;&#x43F;&#x440;&#x438;&#x43D;&#x438;&#x43C;&#x430;&#x442;&#x435;&#x43B;&#x435;&#x439;</subfield>
    <subfield code="e">&#x410;&#x43D;&#x430;&#x43B;&#x438;&#x442;. &#x441;&#x43F;&#x440;&#x430;&#x432;.</subfield>
    <subfield code="f">&#x423;&#x447;&#x435;&#x431;. &#x446;&#x435;&#x43D;&#x442;&#x440; "&#x420;&#x430;&#x437;&#x432;&#x438;&#x442;&#x438;&#x435;"</subfield>
    <subfield code="g">[&#x410;&#x432;&#x442;.-&#x441;&#x43E;&#x441;&#x442;. &#x412;.&#x41D;. &#x41D;&#x435;&#x444;&#x435;&#x434;&#x43E;&#x432; &#x438; &#x434;&#x440;.]</subfield>
    <subfield code="g">&#x41F;&#x43E;&#x434; &#x43D;&#x430;&#x443;&#x447;. &#x440;&#x435;&#x434;. &#x434;&#x43E;&#x446;., &#x43A;.&#x438;&#x441;&#x442;.&#x43D;. &#x412;.&#x41D;. &#x41D;&#x435;&#x444;&#x435;&#x434;&#x43E;&#x432;&#x430;</subfield>
  </datafield>
  <datafield tag="210" ind1=" " ind2=" ">
    <subfield code="a">&#x41D;. &#x41D;&#x43E;&#x432;&#x433;&#x43E;&#x440;&#x43E;&#x434;</subfield>
    <subfield code="c">&#x418;&#x437;&#x434;-&#x432;&#x43E; &#x412;&#x43E;&#x43B;&#x433;&#x43E;-&#x412;&#x44F;&#x442;. &#x430;&#x43A;&#x430;&#x434;. &#x433;&#x43E;&#x441;. &#x441;&#x43B;&#x443;&#x436;&#x431;&#x44B;</subfield>
    <subfield code="d">2003</subfield>
  </datafield>
  <datafield tag="215" ind1=" " ind2=" ">
    <subfield code="a">173 &#x441;.</subfield>
    <subfield code="c">&#x438;&#x43B;.</subfield>
    <subfield code="d">20</subfield>
  </datafield>
  <datafield tag="320" ind1=" " ind2=" ">
    <subfield code="a">&#x411;&#x438;&#x431;&#x43B;&#x438;&#x43E;&#x433;&#x440;.: &#x441;. 97-98 (26 &#x43D;&#x430;&#x437;&#x432;.)</subfield>
  </datafield>
  <datafield tag="606" ind1="0" ind2=" ">
    <subfield code="a">&#x41D;&#x435;&#x43A;&#x43E;&#x43C;&#x43C;&#x435;&#x440;&#x447;&#x435;&#x441;&#x43A;&#x438;&#x435; &#x43E;&#x440;&#x433;&#x430;&#x43D;&#x438;&#x437;&#x430;&#x446;&#x438;&#x438;</subfield>
    <subfield code="j">&#x421;&#x43F;&#x440;&#x430;&#x432;&#x43E;&#x447;&#x43D;&#x438;&#x43A;&#x438;</subfield>
    <subfield code="x">&#x42D;&#x43A;&#x43E;&#x43D;&#x43E;&#x43C;&#x438;&#x43A;&#x430;</subfield>
    <subfield code="9">2253486</subfield>
    <subfield code="3">RU\NLR\auth\661351550</subfield>
  </datafield>
  <datafield tag="606" ind1="0" ind2=" ">
    <subfield code="a">&#x41F;&#x440;&#x435;&#x434;&#x43F;&#x440;&#x438;&#x43D;&#x438;&#x43C;&#x430;&#x442;&#x435;&#x43B;&#x44C;&#x441;&#x442;&#x432;&#x43E;</subfield>
    <subfield code="j">&#x421;&#x43F;&#x440;&#x430;&#x432;&#x43E;&#x447;&#x43D;&#x438;&#x43A;&#x438;</subfield>
    <subfield code="y">&#x420;&#x43E;&#x441;&#x441;&#x438;&#x439;&#x441;&#x43A;&#x430;&#x44F; &#x424;&#x435;&#x434;&#x435;&#x440;&#x430;&#x446;&#x438;&#x44F;</subfield>
    <subfield code="9">2073455</subfield>
    <subfield code="3">RU\NLR\auth\661248355</subfield>
  </datafield>
  <datafield tag="686" ind1=" " ind2=" ">
    <subfield code="a">&#x423;29(2)&#x44F;2</subfield>
  </datafield>
  <datafield tag="686" ind1=" " ind2=" ">
    <subfield code="a">&#x423;9(2)-13(2&#x420;)&#x44F;2</subfield>
  </datafield>
  <datafield tag="686" ind1=" " ind2=" ">
    <subfield code="a">&#x425;623.012.3&#x44F;2</subfield>
  </datafield>
  <datafield tag="702" ind1=" " ind2="1">
    <subfield code="a">&#x41D;&#x435;&#x444;&#x435;&#x434;&#x43E;&#x432;</subfield>
    <subfield code="b">&#x412;. &#x41D;.</subfield>
    <subfield code="g">&#x412;&#x438;&#x43A;&#x442;&#x43E;&#x440; &#x41D;&#x438;&#x43A;&#x43E;&#x43B;&#x430;&#x435;&#x432;&#x438;&#x447;</subfield>
    <subfield code="4">220</subfield>
  </datafield>
  <datafield tag="712" ind1="0" ind2="2">
    <subfield code="4">570</subfield>
    <subfield code="a">"&#x420;&#x430;&#x437;&#x432;&#x438;&#x442;&#x438;&#x435;", &#x443;&#x447;&#x435;&#x431;&#x43D;&#x44B;&#x439; &#x446;&#x435;&#x43D;&#x442;&#x440;</subfield>
    <subfield code="c">&#x41D;&#x438;&#x436;&#x43D;&#x438;&#x439; &#x41D;&#x43E;&#x432;&#x433;&#x43E;&#x440;&#x43E;&#x434;</subfield>
    <subfield code="3">RU\NLR\AUTH\8810048454</subfield>
    <subfield code="9">597035</subfield>
  </datafield>
  <datafield tag="801" ind1=" " ind2="0">
    <subfield code="a">RU</subfield>
    <subfield code="b">NLR</subfield>
    <subfield code="c">20030919</subfield>
    <subfield code="g">PSBO</subfield>
  </datafield>
  <datafield tag="801" ind1=" " ind2="1">
    <subfield code="a">RU</subfield>
    <subfield code="b">NLR</subfield>
    <subfield code="c">20030919</subfield>
  </datafield>
  <datafield tag="942" ind1=" " ind2=" ">
    <subfield code="c">BOOK</subfield>
  </datafield>
  <datafield tag="980" ind1=" " ind2=" ">
    <subfield code="a">NB</subfield>
  </datafield>
  <datafield tag="995" ind1=" " ind2=" ">
    <subfield code="5">2003-09-19</subfield>
    <subfield code="a">ad</subfield>
    <subfield code="b">NLR01</subfield>
    <subfield code="c">NLR01</subfield>
    <subfield code="e">RF3</subfield>
    <subfield code="f">550605</subfield>
    <subfield code="k">2003-3/22474</subfield>
    <subfield code="o">0</subfield>
    <subfield code="r">BOOK</subfield>
    <subfield code="s">2003322474_</subfield>
  </datafield>
  <datafield tag="995" ind1=" " ind2=" ">
    <subfield code="5">2003-09-19</subfield>
    <subfield code="a">ad</subfield>
    <subfield code="b">NLR01</subfield>
    <subfield code="c">NLR01</subfield>
    <subfield code="e">RF3</subfield>
    <subfield code="f">550606</subfield>
    <subfield code="k">2003-3/22474</subfield>
    <subfield code="o">0</subfield>
    <subfield code="r">BOOK</subfield>
    <subfield code="s">2003322474_</subfield>
  </datafield>
</record>
